LIBRARY & INFORMATION CENTRE, KCAET, TAVANUR

ONLINE PUBLIC ACCESS CATALOGUE (OPAC)

Irrigation, watershed and drainage (Record no. 15295)

MARC details
000 -LEADER
fixed length control field 00294nam a22001217a 4500
020 ## - INTERNATIONAL STANDARD BOOK NUMBER
ISBN 978-93-83101-56-6
082 ## - DEWEY DECIMAL CLASSIFICATION NUMBER
Classification number 631.587
Item number NIR/IR
100 ## - MAIN ENTRY--AUTHOR NAME
Personal name Nirmal Tripathi
245 ## - TITLE STATEMENT
Title Irrigation, watershed and drainage
260 ## - PUBLICATION, DISTRIBUTION, ETC. (IMPRINT)
Place of publication Jaipur
Name of publisher Agrotech press
Year of publication 2014
300 ## - PHYSICAL DESCRIPTION
Number of Pages 243
942 ## - ADDED ENTRY ELEMENTS (KOHA)
Koha item type Books
Holdings
Withdrawn status Lost status Damaged status Home library Current library Date acquired Full call number Accession Number Koha item type
      KAUAET KAUAET 27/02/2018 631.587 NIR/IR 24910 Books
free website counter